[Event "constant ZA"]
[Site "http://www.queenalice.com/game.php?id=387087"]
[Date "2008.4.13"]
[Round "-"]
[White "the_knife"]
[Black "Ylure"]
[Result "1-0"]
[WhiteElo "2141"]
[BlackElo "1346"]

1. Nf3 d5 2. d4 Nc6 3. c4 dxc4 4. d5 Nb4 5. Qa4+ c6 6. Qxb4 e6 7. Qxc4 exd5 8.
Qc2 Bb4+ 9. Bd2 Bxd2+ 10. Nbxd2 Nf6 11. e3 O-O 12. Bd3 g6 13. O-O Bg4 14. h3
Bxf3 15. Nxf3 a5 16. Rfd1 Qc7 17. Rac1 Rae8 18. b3 Re7 19. Qb2 Re6 20. Nd4 Re5
21. Qa3 Rfe8 22. Rc5 Nh5 23. Rxa5 Rxe3 24. fxe3 Qg3 25. Ra8 Rxa8 26. Qxa8+ Kg7
27. Nf3 d4 28. Qe8 dxe3 29. Qe5+ Qxe5 30. Nxe5 Ng3 31. Re1 e2 32. Bxe2 Nxe2+ 33.
Rxe2 f6 34. Nxc6 bxc6 35. a4 f5 36. a5 f4 37. Kf2 Kf6 38. a6 f3 39. Kxf3 h5 40.
a7 Kg5 41. a8=Q c5 42. Qf8 h4 43. Re5# 1-0

[Event "Red Forman Memorial"]
[Site "http://www.queenalice.com/game.php?id=416896"]
[Date "2008.6.13"]
[Round "-"]
[White "Ylure"]
[Black "the_knife"]
[Result "0-1"]
[WhiteElo "1339"]
[BlackElo "2174"]

1. e4 Nf6 2. Nc3 d5 3. exd5 Nxd5 4. Bc4 e6 5. Nf3 Nxc3 6. bxc3 Nd7 7. O-O Bd6 8.
d4 O-O 9. Bg5 Nf6 10. Qd2 Ne4 11. Bxd8 Nxd2 12. Nxd2 Rxd8 13. h3 c5 14. a4 b6
15. a5 cxd4 16. cxd4 Bb4 17. Nb3 Bc3 18. Rfd1 Bxa1 19. Rxa1 Bb7 20. a6 Bd5 21.
Bxd5 Rxd5 22. c4 Rd7 23. Rd1 Rc8 24. d5 Rxc4 25. d6 Rc6 26. Re1 Rcxd6 27. Re4
Rd3 28. Rb4 Rd1+ 0-1

[Event "the bones supremacy"]
[Site "http://www.queenalice.com/game.php?id=791126"]
[Date "2010.6.16"]
[Round "-"]
[White "the_knife"]
[Black "Ylure"]
[Result "1-0"]
[WhiteElo "2200"]
[BlackElo "1339"]

1. e4 e5 2. Nf3 d5 3. exd5 Bd6 4. Nc3 Nf6 5. d3 O-O 6. g3 c6 7. dxc6 Nxc6 8. Bg2
Bg4 9. O-O Nd4 10. h3 Bh5 11. Be3 h6 12. g4 Bg6 13. Nxd4 exd4 14. Bxd4 Bh2+ 15.
Kxh2 Qxd4 16. Qd2 Rae8 17. f4 Qd6 18. Rae1 b5 19. Nxb5 Qb8 20. Nc3 Qxb2 21. f5
Qb8+ 22. Kh1 Bh7 23. Nd5 Nd7 24. f6 g5 25. Ne7+ Kh8 26. Qe3 Qd6 27. Qf2 Ne5 28.
d4 Ng6 29. Nxg6+ Bxg6 30. c3 Bd3 31. Rxe8 Rxe8 32. Re1 Rxe1+ 33. Qxe1 Qa6 34.
Qe8+ Kh7 35. Qxf7+ Kh8 36. Qg7# 1-0

[Event "Saladin !"]
[Site "http://www.queenalice.com/game.php?id=816669"]
[Date "2010.8.11"]
[Round "-"]
[White "Ylure"]
[Black "the_knife"]
[Result "0-1"]
[WhiteElo "1339"]
[BlackElo "2201"]

1. e4 c5 2. Bb5 a6 3. Ba4 b5 4. d4 e6 5. dxc5 bxa4 6. Be3 Qc7 7. Nc3 Bxc5 8.
Nxa4 Bxe3 9. fxe3 Nf6 10. Qd4 Nc6 11. Qd3 O-O 12. O-O-O d5 13. Nc5 Nb4 14. Qd4
Nxe4 15. Qxb4 Qxc5 16. Qe1 Bd7 17. Rd4 Rfc8 18. c3 Rab8 19. Nf3 Qa5 20. Nd2 Rxb2
21. Kd1 Nxc3+ 22. Kc1 Qxa2 23. Ra4 Rc2# 0-1

[Event "Dr Shipman VS Dr Mengele"]
[Site "http://www.queenalice.com/game.php?id=836591"]
[Date "2010.9.23"]
[Round "-"]
[White "Ylure"]
[Black "Tchecmaurice"]
[Result "1/2-1/2"]
[WhiteElo "1339"]
[BlackElo "1997"]

1. e4 e5 2. Bc4 c6 3. Nf3 d5 4. exd5 cxd5 5. Bb5+ Bd7 6. Bxd7+ Nxd7 7. O-O Ngf6
8. d4 e4 9. Ne5 Nxe5 10. dxe5 Ng8 11. Nc3 Ne7 12. Bg5 Rc8 13. Bxe7 Bxe7 14. Nxd5
O-O 15. Rc1 Bg5 16. Rb1 Qa5 17. b4 Qb5 18. c3 Rfd8 19. Qg4 Qxd5 20. Qxg5 Rxc3
21. h3 Re8 22. Rbd1 Rd3 23. Rxd3 exd3 24. f4 d2 25. Rd1 f6 26. Qh5 Re7 27. Qe2
Qd4+ 28. Kh1 Qxf4 29. Rxd2 Qxb4 30. Rd5 Qb6 31. Qc4 Qe6 32. exf6 gxf6 33. Rd8+
Kf7 34. Qd3 Qe4 35. Qb5 Qe1+ 36. Kh2 Qe5+ 37. Qxe5 Rxe5 38. a4 b6 39. Ra8 Ra5
40. Rb8 Rxa4 41. g4 Rb4 42. Rb7+ Kg6 43. Rxa7 Rb2+ 44. Kg3 h6 45. Ra4 b5 46. Re4
b4 47. h4 b3 48. Re7 h5 49. Rb7 hxg4 50. Kxg4 Rb1 51. h5+ Kh6 52. Rb6 Kg7 53.
Rb7+ Kf8 54. h6 b2 55. h7 Rh1 56. Rxb2 Rxh7 57. Rf2 Kf7 58. Rf5 Ke6 59. Rf1 Rg7+
60. Kf4 f5 61. Re1+ Kf6 62. Re8 Rg4+ 63. Kf3 Kf7 64. Re5 Kf6 65. Re8 Kg5 66.
Rg8+ Kh4 67. Rf8 Kg5 68. Rg8+ Kh5 69. Rf8 Kg5 70. Rg8+ 1/2-1/2

[Event "Cosmo's Factory"]
[Site "http://www.queenalice.com/game.php?id=843502"]
[Date "2010.10.9"]
[Round "-"]
[White "the_knife"]
[Black "Ylure"]
[Result "1-0"]
[WhiteElo "2202"]
[BlackElo "1339"]

1. d4 d5 2. c4 e6 3. Nc3 Bb4 4. Nf3 Nf6 5. Bg5 c5 6. e3 Na6 7. cxd5 exd5 8. Bb5+
Bd7 9. Bxd7+ Qxd7 10. Bxf6 gxf6 11. O-O O-O-O 12. dxc5 Nxc5 13. Rc1 Rhg8 14. Na4
Qb5 15. Nxc5 Bxc5 16. Qd4 b6 17. b4 Kb7 18. bxc5 bxc5 19. Qxf6 c4 20. Rb1 Qxb1
21. Rxb1+ Kc7 22. Ne5 Rd6 23. Qe7+ Kc8 24. Qxd6 Rd8 25. Qc5# 1-0

[Event "Dr. Blitzkrieg vs Dr. Papouille"]
[Site "http://www.queenalice.com/game.php?id=846055"]
[Date "2010.10.15"]
[Round "-"]
[White "Tchecmaurice"]
[Black "Ylure"]
[Result "1-0"]
[WhiteElo "2000"]
[BlackElo "1339"]

1. e4 e5 2. f4 exf4 3. Nf3 Nc6 4. d4 d6 5. Bxf4 Bg4 6. Bb5 a6 7. Bxc6+ bxc6 8.
O-O Be7 9. Nc3 Nf6 10. Qd3 O-O 11. Rae1 c5 12. d5 Rb8 13. b3 Qc8 14. e5 dxe5 15.
Nxe5 Qe8 16. Nc6 Nxd5 17. Nxd5 Be6 18. Ndxe7+ Kh8 19. Nxb8 Qxb8 20. Rxe6 fxe6
21. Bxc7 Rxf1+ 22. Qxf1 Qe8 23. Qxa6 h6 24. Qxe6 c4 25. Ng6+ Kh7 26. Qxe8 c3 27.
Be5 h5 28. Qf7 Kh6 29. Nh4 g5 30. Qg7# 1-0

[Event "mister Hippy"]
[Site "http://www.queenalice.com/game.php?id=854378"]
[Date "2010.11.4"]
[Round "-"]
[White "Ylure"]
[Black "the_knife"]
[Result "0-1"]
[WhiteElo "1339"]
[BlackElo "2184"]

1. e4 c5 2. Nf3 d6 3. Bb5+ Bd7 4. Na3 g6 5. O-O Bg7 6. d3 a6 7. Bc4 Nc6 8. c3
Nf6 9. Ng5 O-O 10. f4 b5 11. Bd5 Nxd5 12. exd5 Na5 13. h4 b4 14. cxb4 cxb4 15.
Nc4 Rc8 16. h5 Nxc4 17. hxg6 hxg6 18. dxc4 Rxc4 19. Qd3 Rd4 20. Qxa6 Qa8 21. Qb6
Qb8 22. Qa6 Bb5 23. Qa5 Qb7 24. a4 Bxf1 25. Kxf1 Ra8 26. Qxa8+ Qxa8 27. a5 Rd1+
28. Ke2 Qxd5 29. Nf3 Bxb2 30. Bxb2 Qd3+ 31. Kf2 Qf1+ 32. Kg3 Rxa1 33. Bxa1 Qxa1
34. a6 Qxa6 35. Nd4 Qd3+ 36. Nf3 b3 0-1

[Event "Last IGBMC standing man"]
[Site "http://www.queenalice.com/game.php?id=880756"]
[Date "2011.1.3"]
[Round "-"]
[White "Tchecmaurice"]
[Black "Ylure"]
[Result "0-1"]
[WhiteElo "1986"]
[BlackElo "1339"]

1. d4 d5 2. Nc3 Nf6 3. Bg5 e6 4. f3 Nc6 5. e3 h6 6. Bh4 g5 7. Bf2 Bd7 8. Bb5 Na5
9. Bd3 Nc4 10. Rb1 Bb4 11. Ne2 Qe7 12. a3 Ba5 13. b4 Bb6 14. Na4 Nxa3 15. Nxb6
axb6 16. Rb3 b5 17. O-O Nh5 18. Ng3 Ng7 19. e4 Bc6 20. Qc1 Nc4 21. c3 h5 22. Be3
f6 23. e5 fxe5 24. Bxg5 Qf7 25. Bxc4 bxc4 26. Rb2 h4 27. Ne2 Nf5 28. dxe5 b5 29.
Nd4 Nxd4 30. cxd4 h3 31. g4 Ra3 32. Rbf2 Rd3 33. Qa1 Kd7 34. f4 Re3 35. f5 Re4
36. fxe6+ Qxe6 37. Rf7+ Ke8 38. Re7+ Qxe7 39. Bxe7 Kxe7 40. Qd1 Rg8 41. Qf3
Rexg4+ 42. Kh1 Be8 43. Qxd5 R8g6 44. Qf3 Rxd4 45. Qf8+ Kd8 46. Re1 c3 47. Ra1
Ra6 48. Re1 c2 49. Qf3 Bc6 50. Qxc6 Rxc6 51. e6 Rxe6 52. Rf1 Rd1 53. Kg1 Rg6+
54. Kf2 Rg2+ 55. Kf3 Rxf1+ 56. Ke3 c1=Q+ 57. Kd4 Qc4+ 58. Ke3 Re2# 0-1

[Event "Janissaire VS Mamelouk"]
[Site "http://www.queenalice.com/game.php?id=909919"]
[Date "2011.3.7"]
[Round "-"]
[White "Ylure"]
[Black "the_knife"]
[Result "0-1"]
[WhiteElo "1339"]
[BlackElo "2170"]

1. e4 Nf6 2. d3 d5 3. e5 Nfd7 4. Bf4 e6 5. Nc3 c5 6. d4 Nc6 7. dxc5 Bxc5 8. Qe2
a6 9. O-O-O Bd4 10. Bd2 Ndxe5 11. Nf3 Nxf3 12. Qxf3 O-O 13. a3 Bf6 14. Bd3 Ne5
15. Qh3 Nxd3+ 16. Qxd3 Bd7 17. f4 Bc6 18. g4 d4 19. Ne4 Bxe4 20. Qxe4 Qb6 21. g5
Be7 22. h4 Rfd8 23. h5 Qc6 24. Qd3 Rac8 25. g6 Qc4 26. gxh7+ Kh8 27. Ba5 Rd5 28.
Bb6 Qc6 29. Ba7 b6 30. Rd2 Qb7 31. Rg1 Bf6 32. Rdg2 Rxh5 33. Rg5 Bxg5 34. fxg5
Qxa7 35. g6 fxg6 36. Qxg6 Qc7 37. c3 Qf4+ 38. Kd1 Qf3+ 39. Kc1 Rxc3+ 40. bxc3
Qxc3+ 41. Kd1 Qf3+ 42. Ke1 Re5+ 43. Kd2 Re2+ 44. Kc1 Qc3+ 45. Kb1 Qb2# 0-1

[Event "Challenge"]
[Site "http://www.queenalice.com/game.php?id=931526"]
[Date "2011.4.28"]
[Round "-"]
[White "Kapoueee"]
[Black "Ylure"]
[Result "1-0"]
[WhiteElo "1100"]
[BlackElo "1339"]

1. d4 d5 2. e4 dxe4 3. Nc3 Bf5 4. Bd3 exd3 5. cxd3 e6 6. Qa4+ c6 7. Nf3 b5 8.
Qd1 Nf6 9. O-O Bd6 10. Qe2 O-O 11. b3 Nbd7 12. Ne4 Nxe4 13. dxe4 Bg4 14. e5 Be7
15. Qe4 Bxf3 16. Qxf3 f6 17. Qxc6 fxe5 18. a4 exd4 19. Rd1 bxa4 20. bxa4 e5 21.
Rd3 Bh4 22. Rh3 Bxf2+ 23. Kf1 Be3+ 24. Ke1 Qa5+ 25. Kd1 Nc5 26. Qd5+ Kh8 27. Rf3
Rxf3 28. Qxa8+ 1-0

[Event "Le père de Grunt"]
[Site "http://www.queenalice.com/game.php?id=932183"]
[Date "2011.4.30"]
[Round "-"]
[White "the_knife"]
[Black "Ylure"]
[Result "1-0"]
[WhiteElo "2171"]
[BlackElo "1339"]

1. d4 d5 2. c4 dxc4 3. Nf3 Bg4 4. Ne5 Nf6 5. Nxg4 Nxg4 6. e3 h5 7. Bxc4 e6 8. h3
Nf6 9. Qc2 Nc6 10. a3 Qd6 11. Nc3 a6 12. b4 O-O-O 13. b5 axb5 14. Nxb5 Qd7 15.
Rb1 Be7 16. Qb2 b6 17. Bd2 Nd5 18. e4 Nf6 19. Bf4 e5 20. dxe5 Nxe4 21. e6 fxe6
22. Nxc7 Nc5 23. Qxb6 Bd6 24. Ba6+ Nxa6 25. Qb7# 1-0

[Event "le sboub au cirage"]
[Site "http://www.queenalice.com/game.php?id=938837"]
[Date "2011.5.16"]
[Round "-"]
[White "the_knife"]
[Black "Ylure"]
[Result "1-0"]
[WhiteElo "2197"]
[BlackElo "1307"]

1. Nf3 e6 2. d4 d5 3. c4 dxc4 4. e3 b5 5. b3 cxb3 6. Bxb5+ c6 7. Bc4 bxa2 8.
Rxa2 Bb4+ 9. Bd2 Bxd2+ 10. Nbxd2 Nf6 11. O-O O-O 12. Qc2 h6 13. Rfa1 a5 14. Nb3
Qe7 15. Rxa5 Rxa5 16. Rxa5 Qb4 17. Ra1 Nbd7 18. Bd3 Bb7 19. Nc5 Nxc5 20. dxc5
Re8 21. Ra4 Nd5 22. Rxb4 Nxb4 23. Qb1 Nxd3 24. Qxd3 Ra8 25. h3 Ra1+ 26. Kh2 Ra8
27. Qd7 Ra5 28. Qd8+ Kh7 29. Qxa5 f5 30. Qa7 Bc8 31. Qa8 Bd7 32. Qd8 Be8 33.
Qxe8 1-0

[Event "Minute Maid"]
[Site "http://www.queenalice.com/game.php?id=938892"]
[Date "2011.5.16"]
[Round "-"]
[White "Ylure"]
[Black "Kapoueee"]
[Result "0-1"]
[WhiteElo "1307"]
[BlackElo "1437"]

1. e4 Nf6 2. d3 d5 3. e5 Nfd7 4. d4 c5 5. Be3 Nc6 6. dxc5 Ndxe5 7. Bb5 Qa5+ 8.
Nc3 a6 9. Ba4 e6 10. Nf3 Nc4 11. Qc1 Nxe3 12. fxe3 Bxc5 13. Qd2 O-O 14. O-O-O b5
15. Bb3 Qb6 16. Rhe1 a5 17. a4 Ba6 18. Nxb5 Bxb5 19. axb5 Qxb5 20. Qc3 a4 21.
Ba2 a3 22. b3 Nb4 23. Kb1 Rfc8 24. Rd2 Nc6 25. Qd3 Qa5 26. Rde2 Nb4 27. Qc3 Nc6
28. Qd3 Rab8 29. e4 Nb4 30. Qc3 Be7 31. Qe5 Bf6 32. Qd6 Rb6 33. Qd7 Rbc6 34.
exd5 Nxd5 35. Re5 Bxe5 36. c4 Qc3 37. Re2 Qd3+ 38. Rc2 Qd1+ 39. Rc1 Nc3+ 40. Ka1
Qxc1+ 41. Bb1 Qxb1# 0-1

[Event "le chariot avant les boeufs"]
[Site "http://www.queenalice.com/game.php?id=970744"]
[Date "2011.8.10"]
[Round "-"]
[White "Tchecmaurice"]
[Black "Ylure"]
[Result "1-0"]
[WhiteElo "2047"]
[BlackElo "1295"]

1. d4 d5 2. Nf3 Bg4 3. g3 Nc6 4. Bg2 e6 5. O-O Bd6 6. b3 Nf6 7. Bb2 Qd7 8. Nbd2
O-O 9. Ne5 Qe7 10. f3 Bf5 11. e4 Bg6 12. Nxg6 fxg6 13. e5 Bb4 14. exf6 Rxf6 15.
c3 Ba5 16. f4 Raf8 17. Qe2 a6 18. Nf3 h6 19. Rae1 b5 20. Bh3 Nd8 21. Ne5 Kh7 22.
Ng4 Rf5 23. Ne5 R5f6 24. Nd3 Bb6 25. Bg2 c6 26. Ne5 Bc7 27. c4 Ba5 28. Rc1 Bb4
29. cxd5 exd5 30. Bh3 Re8 31. Qd3 Qd6 32. Bd7 Re7 33. Bxc6 Rc7 34. Be8 Rxc1 35.
Rxc1 Re6 36. Bxg6+ Kg8 37. Rc8 Ba5 38. Bf7+ Kf8 39. Bxe6 Qxe6 40. Ba3+ Kg8 41.
Rc2 Nb7 42. Rf2 Nd6 43. f5 Qf6 44. Ng4 Qg5 45. Qf3 Ne4 46. Rc2 h5 47. Nf2 h4 48.
Nxe4 dxe4 49. Qxe4 h3 50. Rc8+ Kh7 51. f6+ Qg6 52. Rh8+ Kxh8 53. Qxg6 gxf6 54.
Bf8 Bd8 55. Qg7# 1-0

[Event "Z҉A҉L҉G҉O̚̕̚"]
[Site "http://www.queenalice.com/game.php?id=971623"]
[Date "2011.8.12"]
[Round "-"]
[White "Kapoueee"]
[Black "Ylure"]
[Result "1-0"]
[WhiteElo "1480"]
[BlackElo "1295"]

1. e4 e5 2. Nf3 d6 3. d4 exd4 4. Nxd4 c5 5. Nf3 Bg4 6. Be2 Be7 7. c4 Nh6 8. O-O
Nc6 9. b3 Ne5 10. Nc3 O-O 11. Nd5 Nxf3+ 12. Bxf3 Bxf3 13. Qxf3 Bg5 14. Bxg5 Qxg5
15. Nc7 Rac8 16. Nb5 Ng4 17. Nxd6 Rc7 18. Nb5 Re7 19. Nxa7 Ne5 20. Qh3 Ng4 21.
Rae1 Rfe8 22. f3 Nf6 23. f4 Qg4 24. Qxg4 Nxg4 25. Nb5 b6 26. e5 h6 27. Nd6 Ra8
28. h3 Nxe5 29. Rxe5 Rxe5 30. fxe5 Rxa2 31. Rxf7 Rd2 32. Re7 Rd3 33. Nf5 Rxb3
34. Rxg7+ Kf8 35. e6 Rb1+ 36. Kf2 Rb2+ 37. Kg3 Re2 38. Rg6 h5 39. e7+ Kf7 40.
Kf3 Re5 41. Kf4 Re2 42. Rg7+ Kf6 43. g4 hxg4 44. hxg4 Rf2+ 45. Ke3 1-0

[Event "Emplafonnage"]
[Site "http://www.queenalice.com/game.php?id=998556"]
[Date "2011.10.17"]
[Round "-"]
[White "Ylure"]
[Black "Tchecmaurice"]
[Result "0-1"]
[WhiteElo "1286"]
[BlackElo "2035"]

1. e4 e6 2. d4 d5 3. e5 c5 4. Be3 cxd4 5. Qxd4 Nc6 6. Bb5 Bd7 7. Bxc6 Bxc6 8.
Ne2 Ne7 9. O-O Nf5 10. Qd3 a6 11. Na3 Nh4 12. Nd4 Bd7 13. c4 Bc6 14. Nxc6 bxc6
15. cxd5 Qxd5 16. Qxd5 cxd5 17. Rac1 Bxa3 18. bxa3 Nf5 19. Bc5 Kd7 20. a4 Rab8
21. a5 Rb2 22. a4 Rc8 23. Ra1 Rxc5 24. h3 Rcc2 25. Rad1 Ne3 26. fxe3 Rxg2+ 27.
Kh1 Rh2+ 28. Kg1 Rbg2# 0-1

[Event "charchenfouine"]
[Site "http://www.queenalice.com/game.php?id=1019922"]
[Date "2012.1.30"]
[Round "-"]
[White "Ylure"]
[Black "Kapoueee"]
[Result "0-1"]
[WhiteElo "1286"]
[BlackElo "1539"]

1. e4 e6 2. d4 d5 3. e5 c5 4. Nf3 Nc6 5. dxc5 Bxc5 6. Bb5 Qb6 7. Bxc6+ bxc6 8.
O-O Ba6 9. Be3 Bxe3 10. fxe3 Bxf1 11. Kxf1 Qxb2 12. Nbd2 Ne7 13. a4 Nf5 14. Rb1
Nxe3+ 15. Ke2 Nxd1 16. Kxd1 Qa3 17. Rb7 O-O 18. Ng5 Qxa4 19. Ndf3 Qa1+ 20. Kd2
Qa5+ 21. c3 Qa2+ 22. Kd3 Qc4+ 23. Kc2 a5 24. Nd2 Qa2+ 25. Kd3 a4 26. h4 Rab8 27.
Rxb8 Rxb8 28. g4 Rb2 29. Ndf3 Qc4+ 30. Ke3 Re2# 0-1

[Event "Don't let it bring you down..."]
[Site "http://www.queenalice.com/game.php?id=1025194"]
[Date "2012.2.3"]
[Round "-"]
[White "the_knife"]
[Black "Ylure"]
[Result "1-0"]
[WhiteElo "2208"]
[BlackElo "1280"]

1. d4 d5 2. c4 dxc4 3. Nf3 e6 4. e3 Bb4+ 5. Bd2 Bxd2+ 6. Nbxd2 b5 7. a4 c6 8.
axb5 cxb5 9. b3 c3 10. Bxb5+ Bd7 11. Bxd7+ Nxd7 12. Ne4 Qc7 13. Qc2 Rc8 14. O-O
Ngf6 15. Nxf6+ Nxf6 16. e4 O-O 17. Ne5 Qb6 18. Rfd1 a5 19. Nc4 Qb4 20. Ra4 Qb8
21. f3 h6 22. Qxc3 Rfd8 23. Rxa5 Qc7 24. Rc5 Qa7 25. Rxc8 Rxc8 26. Qa5 Qxa5 27.
Nxa5 Ra8 28. Nc6 Ra3 29. Rb1 Ne8 30. Rb2 Nc7 31. Kf2 Nb5 32. Ke3 Nc3 33. Kd2 Nb5
34. d5 exd5 35. exd5 Nd6 36. Kc3 g5 37. Kd4 Kf8 38. b4 Ra4 39. Kc5 Nb7+ 40. Kb5
Ra1 41. Na5 Nd6+ 42. Kc6 Nf5 43. Nb3 Ra6+ 44. Kc5 Nd6 45. b5 Nb7+ 46. Kb4 Rd6
47. Nc5 Nd8 48. Kc4 Ke7 49. Re2+ Kf8 50. b6 Nb7 51. Nxb7 Rxb6 52. Nc5 Rd6 53.
Ne4 Ra6 54. d6 Ra8 55. Kd5 Rd8 56. Rc2 Kg7 57. Rc7 Kg6 58. d7 f5 59. Nc5 g4 60.
f4 h5 61. Ne6 Ra8 62. Rc8 Ra5+ 63. Nc5 h4 64. d8=Q g3 65. Qd6+ Kh5 66. Rh8+ Kg4
67. h3# 1-0